000 00769nam a22002417a 4500
005 20250806114438.0
008 250106b sp |||||||| |||| 00| 0 spa d
020 _a8477510164 (o. c.)
020 _a8477510172 (v.1)
020 _a8477510180 (v.2)
020 _a8477510199 (v.3)
050 0 4 _aHQ21
_bM86 1991
245 0 0 _aEl mundo de la pareja
_c / colaboradores especialistas Prudence Tunnadine,...[et al.]
250 _a1a ed.
260 _aBarcelona, España :
_bPlaneta-Agostini :
_bPlaneta Internacional,
_c1991
300 _av. ;
_c28 cm.
500 _aIncluye índice
650 7 _2lemb
_aSexo
700 1 _aTunnnadine, Prudence,
_ecolaborador
700 1 _aShapiro, Rose,
_ecolaborador
700 1 _aGosselin, Chris,
_ecolaborador
942 _2lcc
_cLIB
999 _c102097
_d102097